000 00287nam a2200121Ia 4500
008 190216s9999||||xx |||||||||||||| ||und||
100 _aThulasi Narayana Simh
245 0 _aHindi-14 Bharathiya Upanyas
260 _bShany & Bros.
_c2010
300 _a272
650 _aHindi
942 _cBK
999 _c16810
_d16810